Implementing a business ethics

Vybrané etické prístupy a modely aplikované v podnikoch. Dôležitosť uplatňovania etických prístupov v období finančnej a hospodárskej krízy. Konkrétne prístupy.

Enregistré dans:
Détails bibliographiques
Auteur principal: Štofková, Zuzana
Autres auteurs: Schwedler, Marko
Format: Chapitre de livre
Langue:anglais
Sujets:
Tags: Ajouter un tag
Pas de tags, Soyez le premier à ajouter un tag!

MARC

LEADER 00000naa a2200000 4500
001 0151721
005 20231207073802.3
041 0 |a eng 
044 |a SK 
245 1 0 |a Implementing a business ethics  |c Zuzana Štofková, Marko Schwedler 
520 |a Vybrané etické prístupy a modely aplikované v podnikoch. Dôležitosť uplatňovania etických prístupov v období finančnej a hospodárskej krízy. Konkrétne prístupy. 
610 2 0 |a etika podniková 
610 2 0 |a kríza hospodárska 
610 2 0 |a riadenie podnikové 
610 2 0 |a modely riadenia 
610 2 0 |a korupcia 
610 2 0 |a manažment 
100 1 |a Štofková, Zuzana 
700 1 |a Schwedler, Marko